Atlas de recursos sobre inmigración extranjera de la provincia de Barcelona / [autores : Rafael Crespo, Carmen Delgado] ; [dirección : Manel Gràcia] Rafael Crespo, Carmen Delgado] ; [dirección :
Descripción Física:
233 p. ; 24 cm
MARC
| LEADER | 00000nam a2200000Ia 4500 | ||
|---|---|---|---|
| 001 | 13216 | ||
| 008 | 160829s9999 xx 000 0 cat d | ||
| 080 | |a M-3-420 | ||
| 245 | |a Atlas de recursos sobre inmigración extranjera de la provincia de Barcelona / [autores : |b Rafael Crespo, Carmen Delgado] ; [dirección : |b Manel Gràcia] | ||
| 250 | |a Ed. no venal | ||
| 260 | |a Barcelona : |b Diputació de Barcelona, cop. 2001 | ||
| 300 | |a 233 p. ; |c 24 cm | ||
| 650 | |a Estrangers |x Barcelona (Província) |9 38060 | ||
| 650 | |a Barcelona (Província) |x Emigració i immigració |x Aspectes socials |9 38061 | ||
| 700 | 1 | |a Crespo, Rafael |9 38062 | |
| 700 | |a Delgado García, Carmen |9 35078 | ||
| 700 | 1 | |a Gràcia Luño, Manuel |9 38063 | |
| 710 | 1 | |a Barcelona (Catalunya : Província). |b Diputació |9 52408 | |
| 901 | |a Arxiu | ||
| 942 | |n 1 | ||
| 952 | |0 0 |1 0 |4 0 |6 M3420 |7 1 |9 48231 |a Arxiu |b Arxiu |d 2016-12-01 |l 0 |o M-3-420 |p 13216 |r 2016-12-01 00:00:00 |w 2016-12-01 |y ARXIU | ||
| 999 | |c 52037 |d 52037 | ||